Sports Quiz

Random Sports or Football Quiz

NFL Teams Without 'NFL' Quiz Stats

 Plays Quiz Updated Feb 6, 2017

Challenge
Share
Tweet
Embed
Score 0/10 Timer 02:00
0 Plays Today
Teams % Correct
New England Patriots
83.4%
New York Jets
80.7%
Dallas Cowboys
76.9%
Seattle Seahawks
76.4%
Green Bay Packers
76.1%
Chicago Bears
74.4%
Los Angeles Rams
73.8%
Oakland Raiders
69.6%
Los Angeles Chargers
66.3%
Jacksonville Jaguars
64.1%

You're not logged in!

Compare scores with friends on all Sporcle quizzes.
Join for Free
OR
Log In

You Might Also Like...

Show Comments

Extras

Top Quizzes Today


Score Distribution

Your Account Isn't Verified!

In order to create a playlist on Sporcle, you need to verify the email address you used during registration. Go to your Sporcle Settings to finish the process.

Report this User

Report this user for behavior that violates our Community Guidelines.

Details: